| 000 | 00549nam a2200229Ia 4500 | ||
|---|---|---|---|
| 003 | OSt | ||
| 005 | 20221005113946.0 | ||
| 006 | a|||||r|||| 00| 0 | ||
| 007 | ta | ||
| 008 | 221004b |||||||| |||| 00| 0 mar d | ||
| 024 | _a46340 | ||
| 037 | _cTextual | ||
| 040 |
_aCRL _cCRL _bmar |
||
| 041 |
_2mar _amar |
||
| 082 | _aQ2213xM76,1, 155K1 | ||
| 245 | 0 | _aAlokik vyakyanmala | |
| 260 | _c1961 | ||
| 300 |
_a173p. _ccm. |
||
| 650 | _aRELIGION | ||
| 942 |
_hQ2213xM76,1, 155K1 _cTEXL _2cc |
||
| 999 |
_c1029874 _d1029874 |
||